| 000 | 00540cam a2200181 a 4500 | ||
|---|---|---|---|
| 001 | 000006327 | ||
| 005 | 20200929153922.0 | ||
| 008 | 890329s1967 fr 001 0 fre | ||
| 040 |
_aDO-SdBNP _cMiU _dDLC |
||
| 082 |
_a843.914 _bV496e |
||
| 100 | 1 |
_aVergez, Raoul, _d1908- _917641 |
|
| 245 | 1 | 4 |
_aLes Enclumes de cristal : _broman / _cRaoul Vergez. |
| 260 |
_aParis : _bRené Julliard, _c1967. |
||
| 300 |
_a435 p. ; _c21 cm. |
||
| 650 | 4 |
_aNovela francesa _91075 |
|
| 650 | 4 |
_aLiteratura francesa _91074 |
|
| 910 | _aCatalogación por copia / LC | ||
| 999 |
_c6122 _d6122 |
||